[Event "72.Camp. 5  Interprov.PD-RO"]
[Site "Monselice ITA"]
[Date "2012.01.14"]
[Round "3.12"]
[White "Aprile, Massimo"]
[Black "Alessi, Giovanni"]
[Result "0-1"]
[WhiteElo "1630"]
[BlackElo "1616"]
[Annotator "Gabriele Ballarin"]
[PlyCount "128"]
[EventDate "2012.01.13"]
[EventType "swiss"]
[EventRounds "5"]
[EventCountry "ITA"]

1. Nf3 d5 2. g3 c5 3. d3 Nc6 4. Bg2 e5 5. O-O Be7 6. Nbd2 Nf6 7. c3 O-O 8. Re1 Bg4 9. Qc2 Rc8 10. a3 h6 11. h3 Bf5 12. Nh4 Bh7 13. Qb3 Na5 14. Qd1 e4 15. Bf1 Qb6 16. dxe4 Nxe4 17. Nxe4 Bxe4 18. b4 cxb4 19. axb4 Nc4 20. Ng2 Rfd8 21. Ne3 a6 22. Qa4 Bf6 23. Nxc4 dxc4 24. Qa3 Qe6 25. Be3 Bc6 26. Bg2 Rd7 27. Bc5 Rd2 28. e3 Bxg2 29. Kxg2 Qe4+ 30. Kg1 Rcd8 31. Bd4 Qf3 32. Rf1 Bxd4 33. exd4 Re8 34. Ra2 Rd1 35. Ra1 Rd3 36. Qa4 Re2 37. Rae1 Rxc3 38. Qd1 Rxe1 39. Rxe1 Qxd1 40. Rxd1 Kf8 41. d5 Ke7 42. Rd4 b5 43. Rg4 g6 44. Rh4 h5 45. Kf1 Rd3 46. Re4+ Kd7 47. Re5 c3 48. Ke2 Rd4 49. Re3 Rc4 50. Kd1 Kd6 51. Rd3 Rxb4 52. Kc2 Rb2+ 53. Kxc3 Rxf2 54. Kb4 Rb2+ 55. Ka5 Ra2+ 56. Kb6 b4 57. g4 Ra3 58. Rd4 a5 59. gxh5 gxh5 60. Kb5 b3 61. Rd3 a4 62. Kc4 Ra2 63. Rd1 b2 64. Rb1 a3 0-1

[Event "72.Camp. 5  Interprov.PD-RO"]
[Site "Monselice ITA"]
[Date "2012.01.14"]
[Round "3.13"]
[White "Lodi, Paolo"]
[Black "Bruini, Andrea"]
[Result "0-1"]
[WhiteElo "2607"]
[BlackElo "2660"]
[Annotator "Gabriele Ballarin"]
[PlyCount "46"]
[EventDate "2012.01.13"]
[EventType "swiss"]
[EventRounds "5"]
[EventCountry "ITA"]

1. Nf3 f5 2. b3 Nf6 3. Bb2 e6 4. g3 d5 5. Bg2 Bd6 6. O-O O-O 7. d3 Nbd7 8. Nbd2 c6 9. Ng5 Qe8 10. f4 Ng4 11. Rf3 e5 12. h3 e4 13. dxe4 Bc5+ 14. Kh1 Nf2+ 15. Rxf2 Bxf2 16. Nf1 fxe4 17. e3 h6 18. Qd2 Nf6 19. h4 hxg5 20. hxg5 Qh5+ 21. Nh2 Bxg3 22. Kg1 Qxh2+ 23. Kf1 Bh3 0-1

[Event "72.Camp. 5  Interprov.PD-RO"]
[Site "Monselice ITA"]
[Date "2012.01.15"]
[Round "4.1"]
[White "Borin, Fabio"]
[Black "Binder, Andrea"]
[Result "1-0"]
[WhiteElo "2110"]
[BlackElo "1896"]
[Annotator "Gabriele Ballarin"]
[PlyCount "63"]
[EventDate "2012.01.13"]
[EventType "swiss"]
[EventRounds "5"]
[EventCountry "ITA"]

1. d4 d6 2. e4 Nf6 3. Nc3 g6 4. Nf3 Bg7 5. Be3 a6 6. Bd3 c6 7. Qd2 Qc7 8. Bh6 O-O 9. h3 Nbd7 10. O-O b5 11. a4 b4 12. Ne2 c5 13. c3 Bb7 14. Ng3 bxc3 15. bxc3 a5 16. Rfe1 e5 17. Nh4 Ba6 18. Bxa6 Rxa6 19. Bxg7 Kxg7 20. f4 cxd4 21. cxd4 Rb8 22. Nf3 Rb4 23. Rac1 Rc6 24. fxe5 dxe5 25. Rxc6 Qxc6 26. dxe5 Nxe5 27. Nh4 Qb6+ 28. Kh2 Rxa4 29. Qg5 Qe6 30. Rf1 h6 31. Ngf5+ Kh7 32. Qxh6+ 1-0

[Event "72.Camp. 5  Interprov.PD-RO"]
[Site "Monselice ITA"]
[Date "2012.01.15"]
[Round "4.2"]
[White "Renier, Renzo"]
[Black "Quaranta, Cristiano"]
[Result "0-1"]
[WhiteElo "1997"]
[BlackElo "2075"]
[Annotator "Gabriele Ballarin"]
[PlyCount "60"]
[EventDate "2012.01.13"]
[EventType "swiss"]
[EventRounds "5"]
[EventCountry "ITA"]

1. e4 e6 2. d4 d5 3. Nd2 Nf6 4. e5 Nfd7 5. Bd3 c5 6. c3 Nc6 7. Ne2 cxd4 8. cxd4 f6 9. exf6 Nxf6 10. O-O Bd6 11. Nf3 Qc7 12. Bg5 O-O 13. Rc1 h6 14. Bh4 Nh5 15. Bb1 g5 16. Bg3 Nxg3 17. hxg3 Qg7 18. a3 Bd7 19. Qd3 Be8 20. g4 Bc7 21. Ng3 Rf4 22. Rfe1 Bf7 23. Nh5 Bxh5 24. gxh5 Re8 25. Re3 Bb6 26. Rce1 Nxd4 27. Nxd4 Bxd4 28. Qb5 Re7 29. R3e2 Qf6 30. Rc1 Rxf2 0-1

[Event "72.Camp. 5  Interprov.PD-RO"]
[Site "Monselice ITA"]
[Date "2012.01.15"]
[Round "4.3"]
[White "Gastiaburo, Hernan"]
[Black "Zanirato, Stefano"]
[Result "1-0"]
[WhiteElo "2235"]
[BlackElo "1906"]
[Annotator "Gabriele Ballarin"]
[PlyCount "37"]
[EventDate "2012.01.13"]
[EventType "swiss"]
[EventRounds "5"]
[EventCountry "ITA"]

1. c4 c5 2. Nf3 Nc6 3. d4 cxd4 4. Nxd4 Nxd4 5. Qxd4 e6 6. Nc3 Ne7 7. Bf4 Nf5 8. Qd2 Bb4 9. e4 Ne7 10. Bd6 Qb6 11. Bxb4 Qxb4 12. Be2 O-O 13. O-O Nc6 14. Rad1 e5 15. a3 Qa5 16. b4 Qxa3 17. Nd5 Nd4 18. Ra1 Qb3 19. Rfc1 1-0

[Event "72.Camp. 5  Interprov.PD-RO"]
[Site "Monselice ITA"]
[Date "2012.01.15"]
[Round "4.4"]
[White "Quaranta, Gaetano"]
[Black "Franco, Alessandro P"]
[Result "0-1"]
[WhiteElo "1825"]
[BlackElo "1889"]
[Annotator "Gabriele Ballarin"]
[PlyCount "114"]
[EventDate "2012.01.13"]
[EventType "swiss"]
[EventRounds "5"]
[EventCountry "ITA"]

1. d4 c5 2. Nf3 cxd4 3. Nxd4 d5 4. e3 Nf6 5. Nc3 g6 6. b3 Bg7 7. Bb5+ Nbd7 8. Bb2 O-O 9. Nde2 a6 10. Bxd7 Bxd7 11. O-O Qa5 12. Rb1 Rac8 13. Qd2 Rfd8 14. Rfd1 Bf5 15. Nd4 Bd7 16. a4 Ng4 17. Nce2 Qc7 18. Nf3 Qxc2 19. Bxg7 Kxg7 20. h3 Nf6 21. Ng3 Qxd2 22. Rxd2 Bf5 23. Nxf5+ gxf5 24. Rbd1 Rc3 25. Rd3 Rdc8 26. Nd4 e6 27. Ne2 Rc2 28. R1d2 Ne4 29. Rxc2 Rxc2 30. Kf1 Rb2 31. g4 fxg4 32. hxg4 Nd2+ 33. Kg2 Nxb3 34. Nf4 Nc5 35. Rc3 Ne4 36. Rc7 Nxf2 37. Nxe6+ Kf6 38. Nd8 Nxg4+ 39. Kf3 Ne5+ 40. Kg3 b5 41. axb5 axb5 42. Rc5 Rb3 43. Rxd5 Rxe3+ 44. Kf4 Rb3 45. Rxe5 Rb4+ 46. Re4 Rxe4+ 47. Kxe4 b4 48. Kd4 h5 49. Nc6 b3 50. Kc3 h4 51. Nd4 Kg5 52. Nf3+ Kg4 53. Nxh4 Kxh4 54. Kxb3 Kg3 55. Kc3 f5 56. Kd2 f4 57. Ke2 Kg2 0-1

[Event "72.Camp. 5  Interprov.PD-RO"]
[Site "Monselice ITA"]
[Date "2012.01.15"]
[Round "4.6"]
[White "Rosina, Graziano"]
[Black "Carini, Massimo"]
[Result "1/2-1/2"]
[WhiteElo "1824"]
[BlackElo "2114"]
[Annotator "Gabriele Ballarin"]
[PlyCount "41"]
[EventDate "2012.01.13"]
[EventType "swiss"]
[EventRounds "5"]
[EventCountry "ITA"]

1. Nf3 d5 2. d4 Nf6 3. c4 c6 4. Nc3 a6 5. e3 e6 6. Bd3 dxc4 7. Bxc4 c5 8. Qa4+ Bd7 9. Qd1 Bc6 10. O-O Nbd7 11. dxc5 Bxc5 12. a3 Qc7 13. Nd4 Bxd4 14. Qxd4 Rd8 15. Rd1 O-O 16. Qf4 Qxf4 17. exf4 Nb6 18. Rxd8 Rxd8 19. Be2 Nbd5 20. Nxd5 Bxd5 21. Be3 1/2-1/2

[Event "72.Camp. 5  Interprov.PD-RO"]
[Site "Monselice ITA"]
[Date "2012.01.15"]
[Round "4.7"]
[White "Fornaciari, Alberto"]
[Black "Rondelli, Roberto"]
[Result "1-0"]
[WhiteElo "1689"]
[BlackElo "1767"]
[Annotator "Gabriele Ballarin"]
[PlyCount "49"]
[EventDate "2012.01.13"]
[EventType "swiss"]
[EventRounds "5"]
[EventCountry "ITA"]

1. d4 e6 2. c4 d5 3. e3 a6 4. a3 dxc4 5. Bxc4 b5 6. Ba2 Bb7 7. Nf3 c5 8. O-O Nf6 9. Nc3 Be7 10. Bd2 O-O 11. dxc5 Bxc5 12. b4 Ba7 13. Rc1 Nbd7 14. Re1 Nb6 15. e4 h6 16. Qc2 Nc4 17. Bxc4 bxc4 18. Be3 Bxe3 19. Rxe3 Qc7 20. Na4 Rac8 21. Nd2 Ng4 22. Rg3 Ne5 23. Nc5 Bc6 24. Nxa6 Qa7 25. Nc5 1-0

[Event "72.Camp. 5  Interprov.PD-RO"]
[Site "Monselice ITA"]
[Date "2012.01.15"]
[Round "4.8"]
[White "Mazzella, Riccardo"]
[Black "Aprile, Martino"]
[Result "0-1"]
[WhiteElo "1593"]
[BlackElo "1917"]
[Annotator "Gabriele Ballarin"]
[PlyCount "76"]
[EventDate "2012.01.13"]
[EventType "swiss"]
[EventRounds "5"]
[EventCountry "ITA"]

1. d4 Nf6 2. c4 e6 3. Nc3 Bb4 4. Bg5 h6 5. Bh4 g5 6. Bg3 c5 7. e3 Ne4 8. Nge2 Qa5 9. Qc2 cxd4 10. exd4 Qf5 11. f3 Nxg3 12. Qxf5 Nxf5 13. O-O-O Ne3 14. Rd3 Nxc4 15. Ne4 d5 16. Nf6+ Ke7 17. Ng4 h5 18. Nf2 b6 19. a3 Bd6 20. g3 Ba6 21. Rc3 Nd7 22. Ng1 Rhc8 23. Bd3 b5 24. Ne2 b4 25. axb4 Bxb4 26. Bxc4 Bxc4 27. Nd1 Bxc3 28. bxc3 a5 29. Kb2 a4 30. Ka3 Rcb8 31. h4 Rb3+ 32. Ka2 Rxc3+ 33. Kb2 Rb3+ 34. Ka2 Rxf3+ 35. Kb2 Rb3+ 36. Ka2 Rxg3+ 37. Kb2 Rb8+ 38. Ka1 Ra3# 0-1

[Event "72.Camp. 5  Interprov.PD-RO"]
[Site "Monselice ITA"]
[Date "2012.01.15"]
[Round "4.9"]
[White "Lovisetto, Giampaolo"]
[Black "Belloni, Umberto"]
[Result "0-1"]
[WhiteElo "1597"]
[BlackElo "1808"]
[Annotator "Gabriele Ballarin"]
[PlyCount "136"]
[EventDate "2012.01.13"]
[EventType "swiss"]
[EventRounds "5"]
[EventCountry "ITA"]

1. d4 d5 2. c4 c6 3. e3 e6 4. Nf3 Bd6 5. Nc3 f5 6. cxd5 exd5 7. Bd3 Nf6 8. h3 Ne4 9. O-O Nd7 10. Nd2 Ndf6 11. Ndxe4 fxe4 12. Be2 O-O 13. f3 Bf5 14. fxe4 Bxe4 15. Bf3 Qe7 16. Bd2 Rae8 17. a3 Rf7 18. Bxe4 Nxe4 19. Rxf7 Qxf7 20. Nxe4 Rxe4 21. Qf3 Kf8 22. Rf1 Qxf3 23. gxf3 Re6 24. e4 Bg3 25. Bb4+ Ke8 26. Bc3 dxe4 27. fxe4 Rxe4 28. d5 cxd5 29. Bxg7 Bf4 30. Kg2 Kd7 31. Rd1 Ke6 32. Kf3 Be5 33. Bxe5 Kxe5 34. Rc1 Rc4 35. Re1+ Re4 36. Rc1 Kd6 37. Rc8 Re7 38. Rd8+ Kc5 39. Ra8 a6 40. Rc8+ Kd4 41. Rd8 Re3+ 42. Kg4 Re7 43. Kf3 Re3+ 44. Kg4 Re4+ 45. Kf3 h5 46. Rd7 Re3+ 47. Kf2 Rb3 48. Rh7 Rxb2+ 49. Kf1 Rb3 50. Ke2 Rxh3 51. Rxb7 Rxa3 52. Rb4+ Kc3 53. Rh4 d4 54. Rh3+ Kb4 55. Rxh5 Kc4 56. Kd1 Kc3 57. Rc5+ Kd3 58. Ke1 Ra1+ 59. Kf2 Kd2 60. Re5 d3 61. Rd5 a5 62. Rb5 Ra2 63. Kf1 a4 64. Rh5 Ra1+ 65. Kf2 a3 66. Kf3 Rf1+ 67. Ke4 Re1+ 68. Kd4 a2 0-1

[Event "72.Camp. 5  Interprov.PD-RO"]
[Site "Monselice ITA"]
[Date "2012.01.15"]
[Round "4.10"]
[White "Bruini, Andrea"]
[Black "Mastrostefano, Ennio"]
[Result "1-0"]
[WhiteElo "1660"]
[BlackElo "1590"]
[Annotator "Gabriele Ballarin"]
[PlyCount "105"]
[EventDate "2012.01.13"]
[EventType "swiss"]
[EventRounds "5"]
[EventCountry "ITA"]

1. e4 e6 2. d3 d5 3. Nd2 d4 4. Ngf3 c5 5. g3 Nc6 6. Bg2 Qc7 7. a3 e5 8. O-O Bg4 9. h3 Bd7 10. Nc4 b5 11. Ncd2 Be7 12. Nh2 Nf6 13. Nb3 h6 14. f4 exf4 15. Bxf4 Ne5 16. Nf3 Bd6 17. Nxe5 Bxe5 18. Qf3 O-O 19. Kh2 Nh7 20. Bxe5 Qxe5 21. Qf4 f6 22. Qxe5 fxe5 23. Nxc5 Bc6 24. Rxf8+ Nxf8 25. Rf1 Rc8 26. b4 Be8 27. Bf3 a5 28. Bg4 Rc6 29. Rc1 axb4 30. axb4 Rf6 31. Kg2 h5 32. Be2 Nh7 33. Rf1 Nf8 34. Rxf6 gxf6 35. Nb7 Kh7 36. Nd6 Bd7 37. Bxh5 Ng6 38. Kf3 Ne7 39. Be8 Bxe8 40. Nxe8 Kg6 41. Nd6 Nc6 42. Nxb5 Nxb4 43. Na3 Kg5 44. Ke2 Na2 45. Nb5 f5 46. exf5 Kxf5 47. Kf3 Nb4 48. Na3 Nd5 49. Nb5 Nb4 50. g4+ Kg5 51. Na3 Nc6 52. Ke4 Kh4 53. Kd5 1-0

[Event "72.Camp. 5  Interprov.PD-RO"]
[Site "Monselice ITA"]
[Date "2012.01.15"]
[Round "4.11"]
[White "Alessi, Giovanni"]
[Black "Bau, Lorenzo"]
[Result "1-0"]
[WhiteElo "1616"]
[BlackElo "1440"]
[Annotator "Gabriele Ballarin"]
[PlyCount "85"]
[EventDate "2012.01.13"]
[EventType "swiss"]
[EventRounds "5"]
[EventCountry "ITA"]

1. e4 c6 2. g3 d5 3. exd5 cxd5 4. d4 Nf6 5. Bg2 Nc6 6. Ne2 Bg4 7. Be3 e6 8. a3 Be7 9. Nbc3 O-O 10. Qd2 Na5 11. b3 Rc8 12. f3 Bf5 13. h4 Bg6 14. Bf2 h6 15. g4 Nh7 16. h5 Bxc2 17. Qxc2 b5 18. Be3 a6 19. Qb2 Ng5 20. Kf2 Nb7 21. f4 Nh7 22. Bf3 g5 23. Rag1 f6 24. b4 Nd6 25. Qb1 Kh8 26. a4 Nc4 27. Bc1 Bd6 28. Qg6 Rg8 29. Qd3 Qc7 30. axb5 Qb8 31. bxa6 Bxb4 32. f5 Qb6 33. fxe6 Ne5 34. Qe3 Nxf3 35. Kxf3 Qxa6 36. Nxd5 Qb7 37. Qe4 Qa7 38. Nxb4 Nf8 39. d5 Qb6 40. Bb2 Nh7 41. Rb1 Qd6 42. Nc6 Rcf8 43. Ng3 1-0

[Event "72.Camp. 5  Interprov.PD-RO"]
[Site "Monselice ITA"]
[Date "2012.01.15"]
[Round "4.13"]
[White "De Vito, Angelo"]
[Black "Aprile, Massimo"]
[Result "0-1"]
[WhiteElo "1401"]
[BlackElo "1630"]
[Annotator "Gabriele Ballarin"]
[PlyCount "94"]
[EventDate "2012.01.13"]
[EventType "swiss"]
[EventRounds "5"]
[EventCountry "ITA"]

1. e4 d6 2. d4 Nf6 3. Nc3 c6 4. Bc4 Bg4 5. Nf3 e6 6. O-O Be7 7. Re1 O-O 8. h3 Bh5 9. Qd3 Bg6 10. Qe2 h6 11. e5 dxe5 12. dxe5 Nd5 13. Nxd5 cxd5 14. Bd3 Bxd3 15. Qxd3 Nc6 16. a3 Rc8 17. Bd2 Na5 18. Bxa5 Qxa5 19. Rac1 Rc4 20. Nd2 Rc6 21. Nb3 Qc7 22. Nd4 Rb6 23. b4 Rc8 24. Re2 Qc4 25. Qxc4 Rxc4 26. c3 a5 27. Rec2 axb4 28. axb4 Ra6 29. Ne2 Rac6 30. Nd4 Rc8 31. f4 f6 32. g3 Kf7 33. Kg2 fxe5 34. fxe5 Bg5 35. Rf1+ Ke7 36. Rf3 Rxd4 37. Rcf2 Rdc4 38. Rf7+ Ke8 39. h4 Be7 40. Rxg7 Rxc3 41. Rff7 R8c7 42. Kh3 d4 43. Rf1 d3 44. Rg8+ Kd7 45. b5 R7c5 46. b6 Rxe5 47. Rf4 d2 0-1

[Event "72.Camp. 5  Interprov.PD-RO"]
[Site "Monselice ITA"]
[Date "2012.01.15"]
[Round "4.12"]
[White "Pilotto, Alessandro"]
[Black "Scandiuzzi, Roberto"]
[Result "1-0"]
[WhiteElo "1646"]
[BlackElo "1335"]
[Annotator "Gabriele Ballarin"]
[PlyCount "81"]
[EventDate "2012.01.13"]
[EventType "swiss"]
[EventRounds "5"]
[EventCountry "ITA"]

1. d4 Nf6 2. h3 e6 3. Nf3 d5 4. Bf4 c5 5. c3 Qb6 6. Qb3 Qc6 7. Ne5 Qb6 8. e3 Qxb3 9. axb3 cxd4 10. exd4 Be7 11. Bd3 Nbd7 12. Bb5 O-O 13. O-O Nxe5 14. Bxe5 Bd7 15. Bd3 Rfc8 16. Nd2 a6 17. b4 Ne8 18. Bh2 b5 19. Nb3 Nc7 20. Nc5 Bxc5 21. bxc5 Bc6 22. Ra5 Ra7 23. Rfa1 g6 24. Bxc7 Raxc7 25. Rxa6 Rb8 26. Kh2 Kg7 27. b4 Kf6 28. g4 e5 29. dxe5+ Kxe5 30. Kg3 Rd8 31. f4+ Kf6 32. Bxb5 Rdc8 33. Bd3 Kg7 34. Rb6 Re7 35. Kf2 Rd7 36. b5 Ba8 37. c6 Rd6 38. Ke3 Bxc6 39. bxc6 Rdxc6 40. Rxc6 Rxc6 41. Kd4 1-0

[Event "72.Camp. 5  Interprov.PD-RO"]
[Site "Monselice ITA"]
[Date "2012.01.15"]
[Round "5.3"]
[White "Franco, Alessandro P"]
[Black "Renier, Renzo"]
[Result "1/2-1/2"]
[WhiteElo "1889"]
[BlackElo "1997"]
[Annotator "Gabriele Ballarin"]
[PlyCount "47"]
[EventDate "2012.01.13"]
[EventType "swiss"]
[EventRounds "5"]
[EventCountry "ITA"]

1. e4 e5 2. Nf3 Nc6 3. Bb5 a6 4. Ba4 Nf6 5. O-O Be7 6. Re1 b5 7. Bb3 O-O 8. h3 d6 9. c3 Na5 10. Bc2 c5 11. d4 Qc7 12. Nbd2 cxd4 13. cxd4 Bb7 14. Nf1 Rac8 15. Re2 d5 16. Nxe5 Nxe4 17. Ne3 f6 18. N5g4 f5 19. Ne5 Bg5 20. Nxd5 Bxd5 21. Bxe4 fxe4 22. Bxg5 Qd6 23. Bd2 Nc4 24. Nxc4 1/2-1/2

[Event "72.Camp. 5  Interprov.PD-RO"]
[Site "Monselice ITA"]
[Date "2012.01.15"]
[Round "5.4"]
[White "Calicchia, Giovanni"]
[Black "Rosina, Graziano"]
[Result "1/2-1/2"]
[WhiteElo "1885"]
[BlackElo "1824"]
[Annotator "Gabriele Ballarin"]
[PlyCount "36"]
[EventDate "2012.01.13"]
[EventType "swiss"]
[EventRounds "5"]
[EventCountry "ITA"]

1. e4 e5 2. Nf3 Nf6 3. Nc3 Nc6 4. d4 exd4 5. Nxd4 Bb4 6. Nxc6 bxc6 7. Bd3 O-O 8. O-O d5 9. Bg5 Bxc3 10. bxc3 dxe4 11. Bxf6 Qxf6 12. Bxe4 Qxc3 13. Rb1 Qc5 14. Qf3 Ba6 15. Bxc6 Bxf1 16. Bxa8 Bb5 17. Be4 Rd8 18. h3 g6 1/2-1/2

[Event "72.Camp. 5  Interprov.PD-RO"]
[Site "Monselice ITA"]
[Date "2012.01.15"]
[Round "5.5"]
[White "Schoonhoven, Edger"]
[Black "Fornaciari, Alberto"]
[Result "1/2-1/2"]
[WhiteElo "1880"]
[BlackElo "1689"]
[Annotator "Gabriele Ballarin"]
[PlyCount "32"]
[EventDate "2012.01.13"]
[EventType "swiss"]
[EventRounds "5"]
[EventCountry "ITA"]

1. Nf3 d5 2. c4 Nf6 3. cxd5 Qxd5 4. Nc3 Qd8 5. d4 e6 6. e4 Bb4 7. Bd3 O-O 8. O-O Nbd7 9. Qe2 Re8 10. e5 Nd5 11. Bxh7+ Kxh7 12. Ng5+ Kg8 13. Qh5 Nf8 14. Qxf7+ Kh8 15. Nxd5 exd5 16. Qh5+ Kg8 1/2-1/2

[Event "72.Camp. 5  Interprov.PD-RO"]
[Site "Monselice ITA"]
[Date "2012.01.15"]
[Round "5.6"]
[White "Carini, Massimo"]
[Black "Quaranta, Gaetano"]
[Result "0-1"]
[WhiteElo "2114"]
[BlackElo "1825"]
[Annotator "Gabriele Ballarin"]
[PlyCount "34"]
[EventDate "2012.01.13"]
[EventType "swiss"]
[EventRounds "5"]
[EventCountry "ITA"]

1. e4 e5 2. Nf3 Nc6 3. Bb5 a6 4. Ba4 b5 5. Bb3 Nf6 6. d3 Bc5 7. Be3 Bxe3 8. fxe3 O-O 9. O-O Re8 10. Nc3 Ng4 11. Qe1 Bb7 12. Nd5 d6 13. Qg3 Nf6 14. Nxf6+ Qxf6 15. Rf2 Re7 16. Ng5 Qg6 17. Qh3 Qxg5 0-1

[Event "72.Camp. 5  Interprov.PD-RO"]
[Site "Monselice ITA"]
[Date "2012.01.15"]
[Round "5.7"]
[White "Aprile, Martino"]
[Black "Alessi, Giovanni"]
[Result "1/2-1/2"]
[WhiteElo "1917"]
[BlackElo "1616"]
[Annotator "Gabriele Ballarin"]
[PlyCount "104"]
[EventDate "2012.01.13"]
[EventType "swiss"]
[EventRounds "5"]
[EventCountry "ITA"]

1. e4 e6 2. Qe2 b6 3. g3 a5 4. Bg2 Ba6 5. d3 Nc6 6. Be3 Nf6 7. f4 e5 8. fxe5 Nxe5 9. Bf4 d6 10. Nf3 Nfd7 11. Nbd2 Be7 12. O-O O-O 13. h3 Rc8 14. Rfe1 c5 15. c4 Bf6 16. Rab1 Re8 17. Nf1 Nxf3+ 18. Bxf3 Be5 19. Bg4 Rc7 20. Bxd7 Qxd7 21. Qg2 Bxf4 22. gxf4 Bb7 23. f5 f6 24. Ne3 b5 25. b3 Kh8 26. Qg3 Rg8 27. Ng4 Qe7 28. Kh2 b4 29. Rf1 Qd8 30. Rb2 Bc6 31. Rbf2 a4 32. Qh4 axb3 33. axb3 Ra7 34. Rg1 Qe7 35. Rfg2 Raa8 36. Qg3 g5 37. fxg6 Rxg6 38. Qh4 Bd7 39. Nh6 Rxg2+ 40. Rxg2 Qe5+ 41. Qg3 Be6 42. Ng4 Bxg4 43. hxg4 Ra3 44. Qxe5 dxe5 45. g5 Kg7 46. Kg3 Rxb3 47. Kg4 Rxd3 48. Kf5 fxg5 49. Rxg5+ Kh6 50. Rg1 b3 51. Kxe5 Rd2 52. Kf6 Rf2+ 1/2-1/2

[Event "72.Camp. 5  Interprov.PD-RO"]
[Site "Monselice ITA"]
[Date "2012.01.15"]
[Round "5.8"]
[White "Zanirato, Stefano"]
[Black "Bruini, Andrea"]
[Result "1-0"]
[WhiteElo "1906"]
[BlackElo "1660"]
[Annotator "Gabriele Ballarin"]
[PlyCount "71"]
[EventDate "2012.01.13"]
[EventType "swiss"]
[EventRounds "5"]
[EventCountry "ITA"]

1. e4 d5 2. exd5 Qxd5 3. Nc3 Qd6 4. d4 Nf6 5. h3 a6 6. Nge2 g6 7. Bf4 Qd7 8. Qd2 b5 9. a3 Bb7 10. Bh6 Nc6 11. Bxf8 Rxf8 12. Rd1 O-O-O 13. Qe3 h5 14. f3 Nd5 15. Nxd5 Qxd5 16. Nc3 Qd6 17. Ne4 Qd5 18. c3 e5 19. Nf6 Qe6 20. d5 Qxf6 21. dxc6 Qh4+ 22. Ke2 Rxd1 23. cxb7+ Kb8 24. Kxd1 Qa4+ 25. Kc1 Rd8 26. Bd3 a5 27. Bc2 Qc4 28. b3 Qe6 29. Re1 Qd6 30. b4 axb4 31. axb4 Qa6 32. Kb2 Re8 33. Ra1 Qxb7 34. Be4 c6 35. Qc5 Qd7 36. Ra8+ 1-0

[Event "72.Camp. 5  Interprov.PD-RO"]
[Site "Monselice ITA"]
[Date "2012.01.15"]
[Round "5.9"]
[White "Belloni, Umberto"]
[Black "Pilotto, Alessandro"]
[Result "1-0"]
[WhiteElo "1805"]
[BlackElo "1646"]
[Annotator "Gabriele Ballarin"]
[PlyCount "93"]
[EventDate "2012.01.13"]
[EventType "swiss"]
[EventRounds "5"]
[EventCountry "ITA"]

1. d4 e6 2. c3 d6 3. Bf4 g6 4. Nf3 Bg7 5. h3 Nd7 6. e3 Ne7 7. Bc4 b6 8. Qe2 Bb7 9. Nbd2 a6 10. a4 Nf6 11. O-O O-O 12. Rfd1 Ned5 13. Bh2 Ne7 14. Ne1 d5 15. Bd3 c5 16. b4 c4 17. Bc2 Rc8 18. g4 Nd7 19. f4 f6 20. Ng2 e5 21. fxe5 fxe5 22. Rf1 e4 23. Rxf8+ Nxf8 24. Nf4 Bh6 25. a5 b5 26. Rf1 Qd7 27. Rf2 Ne6 28. Nxe6 Qxe6 29. Bf4 g5 30. Bg3 Ng6 31. Qf1 Bg7 32. Bd1 Re8 33. Rf5 Bc8 34. Qg2 Qc6 35. Rf2 Bxd4 36. exd4 e3 37. Re2 Nf4 38. Bxf4 gxf4 39. Nf3 Qg6 40. Bc2 Re4 41. Ne5 Qh6 42. Bxe4 dxe4 43. Qxe4 Qf6 44. Qf3 h5 45. Rxe3 hxg4 46. hxg4 Qg5 47. Qd5+ 1-0

[Event "72.Camp. 5  Interprov.PD-RO"]
[Site "Monselice ITA"]
[Date "2012.01.15"]
[Round "5.10"]
[White "Rondelli, Roberto"]
[Black "Mazzella, Riccardo"]
[Result "1-0"]
[WhiteElo "1747"]
[BlackElo "1593"]
[Annotator "Gabriele Ballarin"]
[PlyCount "75"]
[EventDate "2012.01.13"]
[EventType "swiss"]
[EventRounds "5"]
[EventCountry "ITA"]

1. Nf3 Nf6 2. d4 d5 3. c4 c6 4. Nc3 Bf5 5. Bf4 Nbd7 6. c5 b6 7. Ne5 Qc8 8. b4 Nxe5 9. Bxe5 Nd7 10. Bf4 Nf6 11. a4 Ne4 12. Nxe4 Bxe4 13. f3 Bg6 14. e3 e6 15. Rc1 bxc5 16. dxc5 a6 17. Qd4 f6 18. Bd6 Qd7 19. Bxf8 Rxf8 20. Be2 Kf7 21. O-O e5 22. Qb2 d4 23. Bc4+ Ke7 24. Rfd1 Rfd8 25. exd4 exd4 26. Re1+ Kf8 27. Re6 Bf7 28. Rd6 Qc7 29. Rxd4 Rxd4 30. Qxd4 Rd8 31. Qh4 Qe7 32. Re1 Rd1 33. Rxd1 Bxc4 34. Qxc4 Qe3+ 35. Kh1 Ke7 36. Qe4+ Qxe4 37. fxe4 Ke6 38. Rd6+ 1-0

[Event "72.Camp. 5  Interprov.PD-RO"]
[Site "Monselice ITA"]
[Date "2012.01.15"]
[Round "5.11"]
[White "Aprile, Massimo"]
[Black "Mastrostefano, Ennio"]
[Result "0-1"]
[WhiteElo "1630"]
[BlackElo "1590"]
[Annotator "Gabriele Ballarin"]
[PlyCount "164"]
[EventDate "2012.01.13"]
[EventType "swiss"]
[EventRounds "5"]
[EventCountry "ITA"]

1. e4 e6 2. Nf3 c5 3. g3 Nc6 4. Bg2 Qc7 5. O-O d5 6. exd5 exd5 7. Re1+ Be7 8. d4 c4 9. Bg5 Be6 10. Nc3 Nf6 11. Bf4 Qa5 12. Ng5 Nd8 13. Nxe6 Nxe6 14. Bd2 Qd8 15. Ne2 O-O 16. c3 Re8 17. Nf4 Nc7 18. Qc2 Qd7 19. Bh3 Qc6 20. f3 g6 21. Re2 Bf8 22. Rae1 Rxe2 23. Rxe2 Re8 24. Qd1 Re7 25. Rxe7 Bxe7 26. Qe2 Bf8 27. Qe5 Bg7 28. Qe2 Qa4 29. a3 Qc2 30. Qe1 Qxb2 31. Qc1 Qb6 32. Qc2 Bf8 33. Bc1 Nb5 34. a4 Nc7 35. g4 Bh6 36. Bg2 Qd6 37. Ne2 Bxc1 38. Qxc1 Qd7 39. Qc2 a5 40. h4 h5 41. g5 Nfe8 42. Kh2 Qc6 43. Bh3 b5 44. axb5 Nxb5 45. Qa4 Qc7+ 46. Kg2 Ned6 47. Kf2 Na7 48. Qd7 Qxd7 49. Bxd7 Nab5 50. Ke1 a4 51. Kd2 Kf8 52. Bc6 Ke7 53. Bxd5 f6 54. gxf6+ Kxf6 55. Be4 a3 56. Bb1 Nf5 57. Ba2 Nxh4 58. Ke3 g5 59. Bxc4 Nd6 60. Ba2 Nhf5+ 61. Kd3 h4 62. Ng1 Ng3 63. c4 Kf5 64. c5 Nb5 65. Kc4 Nc7 66. Kb4 Kf4 67. Kxa3 Nf1 68. Bc4 Nd2 69. Be2 Nd5 70. c6 Nc7 71. Kb4 Ke3 72. Kc5 Nb3+ 73. Kd6 Nxd4 74. Kxc7 Kf2 75. Nh3+ Kxe2 76. Nxg5 Ke3 77. Kd7 Nxc6 78. Kxc6 Kf4 79. Ne6+ Kxf3 80. Kd5 Kg4 81. Ke4 h3 82. Ng5 h2 0-1

[Event "72.Camp. 5  Interprov.PD-RO"]
[Site "Monselice ITA"]
[Date "2012.01.15"]
[Round "5.12"]
[White "Scandiuzzi, Roberto"]
[Black "Lovisetto, Giampaolo"]
[Result "0-1"]
[WhiteElo "1335"]
[BlackElo "1567"]
[Annotator "Gabriele Ballarin"]
[PlyCount "77"]
[EventDate "2012.01.13"]
[EventType "swiss"]
[EventRounds "5"]
[EventCountry "ITA"]

1. d4 d5 2. Nf3 e6 3. e3 Nf6 4. Bd3 c5 5. c3 Be7 6. Nbd2 O-O 7. O-O Nc6 8. Re1 b6 9. e4 dxe4 10. Nxe4 Bb7 11. Nxf6+ Bxf6 12. dxc5 bxc5 13. Qc2 g6 14. Be3 Qe7 15. Rad1 Ne5 16. Nxe5 Bxe5 17. Be4 Bxh2+ 18. Kf1 Bxe4 19. Qxe4 Bd6 20. c4 Qc7 21. Ke2 Rfe8 22. Rh1 f5 23. Qc2 Bf4 24. Bxf4 Qxf4 25. Rd7 h5 26. Qc3 Qe4+ 27. Kf1 e5 28. Qc1 f4 29. f3 Qf5 30. Rd5 Rad8 31. Qd1 Qf6 32. Kf2 e4 33. Rxd8 Rxd8 34. Qc2 Rd2+ 35. Qxd2 e3+ 36. Qxe3 fxe3+ 37. Kxe3 Qd4+ 38. Ke2 Qxb2+ 39. Ke3 0-1